01355nam a2200313Ia 450000500170000000800410001702000150005810000260007324500720009925000190017130000660019065000510025665000480030765000330035565000340038865000370042265000430045970000400050294200150054226400280055733600270058533700330061233800280064504000350067308400110070899900150071995201780073495201290091220220317000508.0160601s2001 ve a g 000 0 spa  a980257225X1 aRosen, Michaeld1946-10aVamos a cazar un oso cMichael Rosen ; ilustrado por Helen Oxembury a2a. edición  a[36] páginas sin enumerar bilustraciones en color c26 cm 142LEMBaÁlbumes infantiles ingleses ySiglo XX142LEMBaLiteratura infantil ingles ySiglo XX142LEMBaOsos en la literatura 142LEMBaMiedo en la literatura 142LEMB aNiños en la literatura 142LEMB aLibros ilustrados para niños 1 aOxenbury, Heleneilustrador 946453 2loccBKINF aCaracas bEkaréc2001 atextobtxt2rdacontent asin mediaciónbn2rdamedia avolumenbnc2rdacarrier aCO-BoRNBPbspaerdacCO-BoRNBP aA ROS3 c4209d4209 00102ddc4051708INFaMEMACYARIbMEMACYARIcSInfd2021-04-12eministerio de culturaf9789585591424l0oA ROS3p9789585591424r2025-04-16 14:50:52tEj.1w2025-04-16yBKINF 00102ddc40708INFaMEMESETAbMEMESETAcSInfd2025-08-08l0oA ROS3pME02227r2025-08-08 15:32:07tEj.1w2025-08-08yBKINF